| 000 | 00571nab a2200157Ia 4500 | ||
|---|---|---|---|
| 003 | ES-SlBCS | ||
| 005 | 20210601133740.0 | ||
| 008 | 140529s2007 xxu||||| |||| 00| 0 por d | ||
| 041 | _apor | ||
| 100 | 1 |
_aMedina da Silva, Sarita _9209184 |
|
| 245 | 0 | 0 |
_aReforma do Estado e do Ensino Superior: flexibilizaçao curricular e mundo do trabalho _c Sarita Medina Da Silva, Mário Borges Netto |
| 650 | 0 | 4 |
_aReforma del Estado _9209185 |
| 700 | 1 |
_aBorges Netto, Mário _9209186 |
|
| 773 | 0 |
_tEducaçao e Filosofia _gvol. 21, nº. 42, 2007, págs. 193-226 _wRev1534 |
|
| 942 | _cAR | ||
| 999 |
_c601497 _d601497 |
||